000 00387cam a22001217a 4500
008 180718b1967 xxu||||| |||| 00| 0 eng d
082 _aA6x5403 H275
100 _aHasan, Ibn
245 _aCentral structure of the Mughal empire and its practical working upto the year 1957
_cby Ibn Hasan
260 _aNew Delhi
_bMunshiram Manoharlal
_c1967
300 _a398p.
650 _aIndia - History
999 _c345748
_d345748